Southville International School and Colleges
Your cart is empty.
  • Cart
  • Lists
    Public lists list_1 View all
    Your lists Log in to create your own lists
  • Log in to your account
  • Your cookies
  • Search history
Southville International School and Colleges
  • Advanced search
  • Recent comments
  • Most popular
  • Libraries

Log in to your account

Log in with GOOGLE


If you do not have an external account, but do have a local account, you can still log in:

  1. Home
  2. MARC view: Chicken soup for the soul :
Normal view MARC view ISBD view

Chicken soup for the soul : (Record no. 295564)

[ view plain ]
MARC details
000 -LEADER
fixed length control field 01331cam a2200313 a 4500
001 - CONTROL NUMBER
control field 17607995
003 - CONTROL NUMBER IDENTIFIER
control field SISC
005 - DATE AND TIME OF LATEST TRANSACTION
control field 20170110095558.0
008 - FIXED-LENGTH DATA ELEMENTS--GENERAL INFORMATION
fixed length control field 130130s2011 ctua j 000 0 eng
010 ## - LIBRARY OF CONGRESS CONTROL NUMBER
LC control number 2012464347
020 ## - INTERNATIONAL STANDARD BOOK NUMBER
International Standard Book Number 9781935096726
040 ## - CATALOGING SOURCE
Original cataloging agency DLC
Transcribing agency DLC
Modifying agency DLC
042 ## - AUTHENTICATION CODE
Authentication code pcc
050 00 - LIBRARY OF CONGRESS CALL NUMBER
Classification number BJ 1631
Item number .C463 2011
082 00 - DEWEY DECIMAL CLASSIFICATION NUMBER
Classification number 158.10835
100 ## - MAIN ENTRY--PERSONAL NAME
Personal name Canfield,Jack.
245 00 - TITLE STATEMENT
Title Chicken soup for the soul :
Remainder of title just for teenagers : 101 stories of inspiration and support for teens /
Statement of responsibility, etc [compiled by] Jack Canfield, Mark Victor Hansen, Amy Newmark.
260 ## - PUBLICATION, DISTRIBUTION, ETC. (IMPRINT)
Place of publication, distribution, etc Cos Cob, CT :
Name of publisher, distributor, etc Chicken Soup for the Soul Pub.,
Date of publication, distribution, etc 2011.
300 ## - PHYSICAL DESCRIPTION
Extent ix, 373 pages ;
Dimensions 22 cm.
520 0# - SUMMARY, ETC.
Summary, etc "A collection of 101 true personal stories from teenagers and adults about their teenage years, recalling issues with friends, embarrassing moments, bullies, family, sports, self-confidence, crushes, life lessons, and learning to do the right thing."
650 #0 - SUBJECT ADDED ENTRY--TOPICAL TERM
Topical term or geographic name as entry element Preteens
General subdivision Conduct of life
Form subdivision Juvenile literature.
650 #0 - SUBJECT ADDED ENTRY--TOPICAL TERM
Topical term or geographic name as entry element Preteens
General subdivision Conduct of life
Form subdivision Anecdotes
-- Juvenile literature.
700 1# - ADDED ENTRY--PERSONAL NAME
Personal name Canfield, Jack,
Dates associated with a name 1944-
700 1# - ADDED ENTRY--PERSONAL NAME
Personal name Hansen, Mark Victor.
700 1# - ADDED ENTRY--PERSONAL NAME
Personal name Newmark, Amy.
906 ## - LOCAL DATA ELEMENT F, LDF (RLIN)
a 7
b cbc
c orignew
d 2
e ncip
f 20
g y-gencatlg
942 ## - ADDED ENTRY ELEMENTS (KOHA)
Source of classification or shelving scheme Library of Congress Classification
Koha item type Books
Holdings
Withdrawn status Lost status Source of classification or shelving scheme Damaged status Home library Current library Shelving location Date acquired Source of acquisition Total Checkouts Total Renewals Full call number Barcode Date last seen Date checked out Price effective from Koha item type
    Library of Congress Classification   College Library College Library General Circulation Section 06/01/2016 Donation 1 1 BJ 1631 .C463 2011 C20561 05/15/2018 09/24/2016 06/01/2016 Books

Chicken soup for the soul :

APA

Canfield J., Canfield J., Hansen M. V. & Newmark A. (2011). Chicken soup for the soul. Cos Cob, CT: Chicken Soup for the Soul Pub.

Chicago

Canfield Jack, Canfield Jack, Hansen Mark Victor and Newmark Amy. 2011. Chicken soup for the soul. Cos Cob, CT: Chicken Soup for the Soul Pub.

Harvard

Canfield J., Canfield J., Hansen M. V. and Newmark A. (2011). Chicken soup for the soul. Cos Cob, CT: Chicken Soup for the Soul Pub.

MLA

Canfield Jack, Canfield Jack, Hansen Mark Victor and Newmark Amy. Chicken soup for the soul. Cos Cob, CT: Chicken Soup for the Soul Pub. 2011.

  • Place hold
  • Print
  • Cite
  • Add to your cart (remove)
  • Save record
    BIBTEX Dublin Core MARCXML MARC (non-Unicode/MARC-8) MARC (Unicode/UTF-8) MARC (Unicode/UTF-8, Standard) MODS (XML) RIS
  • More searches
    Search for this title in:
    Other Libraries (WorldCat) Other Databases (Google Scholar) Online Stores (Bookfinder.com) Open Library (openlibrary.org)

Exporting to Dublin Core...

SOUTHVILLE LIBRARY

Southville International School and Colleges Library

1281 Tropical Ave. Cor. Luxembourg St., BF Homes International, Las Pinas City

Tel. No. 8256374 / 252358 Loc. 117/146

Powered by Koha